| 000 | 00604nam a2200205Ia 4500 | ||
|---|---|---|---|
| 001 | 4449 | ||
| 003 | AR-BaAGN | ||
| 005 | 20231116141325.0 | ||
| 007 | ta | ||
| 008 | 211213s1931 ag |||||||||||||| ||spa d | ||
| 040 |
_dAR-BaAGN _aAR-BaAGN _bspa _eaacr |
||
| 100 |
_aLoudet, Osvaldo, _d1889-1983 _96616 |
||
| 245 | 1 | 0 |
_aLos índices médicos-psicológicos de la peligrosidad y la libertad condicional / _cOsvaldo Loudet |
| 260 |
_aBuenos Aires : _bPenitenciaría Nacional, _c1931. |
||
| 300 | _a11 páginas | ||
| 336 |
_2rdacontent _btxt |
||
| 337 |
_2rdamedia _bn |
||
| 338 |
_2rdacarrier _bnc |
||
| 942 | _cLIBRO | ||
| 999 |
_c4449 _d4449 |
||